[Event "IECC O-3150"]
[Site "IECC email"]
[Date "2010.05.22"]
[Round "?"]
[White "Storey, Ryan"]
[Black "Stringer Lester, Della Diane"]
[Result "0-1"]
[WhiteElo "1000"]
[BlackElo "1049"]
[PlyCount "60"]
[EventDate "2010.??.??"]
[EventType "swiss (corr)"]
[EventRounds "2"]
[SourceTitle "Telechess CBM 149"]
[Source "ChessBase"]
[SourceDate "2012.07.17"]
[SourceVersion "1"]
[SourceVersionDate "2012.07.17"]
[SourceQuality "1"]
[WhiteTeam "England"]
[WhiteTeamCountry "ENG"]

1. d4 Nf6 2. e3 d5 3. f3 Bf5 4. Bd3 e6 5. Bd2 c5 6. Ne2 Bd6 7. Nbc3 Nc6 8. g3 Bh3 9. Rg1 0-0 10. g4 c4 11. Rg3 Bxg3+ 12. Nxg3 cxd3 13. e4 e5 14. dxe5 Nxe5 15. g5 d4 16. gxf6 Qxf6 17. Nd5 Qh4 18. f4 Ng4 19. Bb4 dxc2 20. Qxc2 Rac8 21. Qd2 Rfe8 22. Qxd4 Nxh2 23. Ne7+ Rxe7 24. Bxe7 Qxe7 25. f5 Nf3+ 26. Kf2 Nxd4 27. Nh5 Qh4+ 28. Ng3 Rc2+ 29. Kg1 Qxg3+ 30. Kh1 Qh2# 0-1